000
00211 a2200097 4500
001
47386
100
_a
Stern F
245
_a
The citizen army
260
_a
New York
_b
St martins press
_c
090
_c
30419
_d
30419
942
_a
NUST-CAE
_c
M
_c
22691
999
_c
282459
_d
282459